| 000 | 00607nam a2200193 i 4500 | ||
|---|---|---|---|
| 001 | 100331 | ||
| 003 | ES-MaACL | ||
| 005 | 20250811072551.0 | ||
| 007 | t| | ||
| 008 | 050926q19001999sp ||||1| spa d | ||
| 100 | 1 |
_aMás Jiménez, Vicente. _978638 |
|
| 245 | 1 | 0 |
_aCrédito laboral / _cpor Vicente Más Jiménez. |
| 260 |
_aMadrid : _bMinisterio de Trabajo, _c[19--?] |
||
| 300 |
_a23 p. ; _c24 cm. |
||
| 500 | _aEs separata de previsión laboral. Cuaderno Nº 6. | ||
| 710 | 1 |
_aEspaña. _bMinisterio de Trabajo _93924 |
|
| 852 |
_aES-MaACL _j1951-F-13 _bR.35421 |
||
| 999 |
_c100331 _d100331 |
||